| 000 | 00942nac a22002537a 4500 | ||
|---|---|---|---|
| 001 | BR6005031 | ||
| 003 | BR-BrBNA | ||
| 005 | 20240105113118.0 | ||
| 008 | 230509b bl.|||m| |||| 00| 0 por d | ||
| 040 |
_aBR-BrBNA _bpor _cBiblioteca Nacional de Agricultura |
||
| 072 | _aH10 | ||
| 090 | _a2120 BR6005031 | ||
| 100 | 1 | _aFonseca, J.P. da | |
| 110 | 1 | _aSecretaria da Agricultura do Estado de Sao Paulo, Sao Paulo (Brasil). Diretoria de Publicidade Agricola | |
| 245 | 1 | _aUma suposta praga do cafeeiro [bicho mineiro; perileucoptera coffeella] | |
| 260 | 3 |
_aSao Paulo, SP (Brasil): _c1951. |
|
| 300 | _a10 p. | ||
| 490 |
_aPublicacao - Secretaria da Agricultura do Estado de Sao Paulo. Diretoria de Publicidade Agricola (Brazil) _vno. 826 _x |
||
| 500 | _aReprint of "Boletim de Agricultura" Single no. 1949 | ||
| 650 | _aCAFE | ||
| 650 | _aBICHO MINEIRO | ||
| 909 |
_a202312 _bLúcia Elande _c55 _dLúcia Elande |
||
| 942 |
_2AGRIS _n0 _cMS |
||
| 999 |
_c261947 _d261947 |
||